书目信息 |
| 题名: |
怎样勘查交通事故现场
|
|
| 作者: | 阎荣久 编著 | |
| 分册: | ||
| 出版信息: | 北京 群众出版社 1982 |
|
| 页数: | 98页 | |
| 开本: | 19cm | |
| 丛书名: | ||
| 单 册: | ||
| 中图分类: | U491.3 | |
| 科图分类: | ||
| 主题词: | 交通运输事故-事故分析 , 事故分析-交通运输事故 | |
| 电子资源: | ||
| ISBN: | ||
| 000 | 00658nam0 2200241 45 | |
| 001 | 0182004103 | |
| 005 | 20060728151736.34 | |
| 010 | @dCNY0.31 | |
| 091 | @a13067.41 | |
| 100 | @a19950629d1982 em y0chiy0121 ea | |
| 101 | 0 | @achi |
| 102 | @aCN@b110000 | |
| 105 | @ay z 000yy | |
| 200 | 10 | @a怎样勘查交通事故现场@Azen yang kan cha jiao tong shi gu xian chang@f阎荣久编著 |
| 210 | @a北京@c群众出版社@d1982 | |
| 215 | @a98页@d19cm | |
| 606 | @a交通运输事故-事故分析 | |
| 606 | @a事故分析-交通运输事故 | |
| 690 | @aU491.3@v3 | |
| 701 | 0 | @a阎荣久@Ayan rong jiu@4编著 |
| 801 | 2 | @aCN@bNLC@c20060728 |
| 801 | 0 | @aCN@bTSSF |
| 905 | @a10447@dU491.3@e156 | |
| 怎样勘查交通事故现场/阎荣久编著.-北京:群众出版社,1982 |
| 98页;19cm |
| ISBN :CNY0.31 |
| ● |
| 相关链接 |
|
|
|
|
正题名:怎样勘查交通事故现场
索取号:U491.3/156
 
预约/预借
| 序号 | 登录号 | 条形码 | 馆藏地/架位号 | 状态 | 备注 |
| 1 | 0438822 | 204388224 | 密集书库/ [索取号:U491.3/156] | 在馆 |